000 00456nam a22001577a 4500
005 20251110114914.0
008 251110b |||||||| |||| 00| 0 eng d
020 _a979-8-88715-058-1
100 _aMILLER, AUSTIN PAUL
245 _aFISHERIES AND AQUACULTURE TECHNOLOGY
260 _aDUBLIN
_bORYSON PRESS
_c2023
300 _aXII, 270P.
500 _aINCLUDES INDEX
650 _a1. FISHERIES- TECHNOLOGY 2. AQUACULTURE -ENGINEERING
942 _2lcc
_cBK
999 _c216154
_d216154